00945 a2200241 4500003000500000005001700005010001600022020001500038040000900053082001600062100002200078245010400100250001200204260003700216300003300253440004500286505011100331650003400442650003400476650003500510856008500545856007300630Nust20221209092347.0 a 94011082 a0070566984 cNust00a621.382,SHE1 aSherman, Barry L.10aTelecommunications management :bbroadcasting / cable and the new technologies /cBarry L. Sherman. a2nd ed. aNew York :bMcGraw-Hill,cc1995. axx, 431 p. :bill. ;c24 cm. 0aMcGraw-Hill series in mass communication aCore Concepts (Page-1), Core Businesses (Page-75), Core Processes (Page-163), Core Departments (Page-299). 0aCable televisionxManagement. 0aTelecommunication Engineering 0aTelecommunicationxManagement.423Publisher descriptionuhttp://www.loc.gov/catdir/description/mh022/94011082.html423Table of contentsuhttp://www.loc.gov/catdir/toc/mh022/94011082.html